Name The Eras Tour Era From The Picture - Taylor Swift - Statistics

General Stats
  • This quiz has been taken 132 times
  • The average score is 15 of 16
Answer Stats
Picture Answer % Correct
Midnights
98%
Speak Now
98%
The Tortured Poets Department
97%
reputation
95%
Fearless
94%
1989
93%
evermore
93%
folklore
93%
1989
92%
Midnights
92%
Red
92%
Lover
91%
Red
91%
The Tortured Poets Department
91%
Surprise Songs
77%
Surprise Songs
76%
No matching quizzes found
Score Distribution
Percent of People with Each Score
Percentile by Number Answered
Your Score History
You have not taken this quiz